00353nam a2200109Ia 4500008004100000082001700041100001700058245002700075260003000102300000900132650010200141211119s9999||||xx |||||||||||||| ||und|| a153.3bSRE-O aSreekumar, N 0aOrmasakth Irattiyakkam bD c BooksaKottayamc2008 a170p aphilosophy & psychologyvpsychologyMental processes & intelligenceEconomicsxPGR-GANDHIAN STUDIES